000 00283nam a22001337a 4500
003 SGT
020 _a9788123928814
082 _a615
_bSIN
100 _aSINGH GAJENDRA
245 _aDRUG REGULATORY AFFAIRS
260 _aINDIA
_bCBS PUB
_c2025
300 _a178
942 _2ddc
_cBK
999 _c34479
_d34479